00734cam#a2200253 a 450000100060000000300100000600500170001600700030003300800410003602000150007704000300009208200140012208400100013624501030014625000180024930000170026733600270028433700330031133800280034449000170037265000370038970000320042670000220045858147CO-BoRNBP20250819154215.0ta 51121s1989 ck a gr 000 p spakd a9580409803 aCO-ArBCAbspadCO-BoBNc004a808.1223 aP QUI00aQuiquiriquí, cocorocó /cselección de David Santiago ; ilustraciones de Juan Carlos Nicholls a1a. edición a44 p. :bil. 2rdacontentatextobtxt 2rdamediaasin mediaciónbn 2rdacarrieravolumenbnc0 aAbra palabra14aPoesia infantil colombiana2LEMB1 aNicholls, Juan Carlos,eil.1 aaSantiago, David.